书目信息 |
| 题名: |
批评于丹
|
|
| 作者: | 李悦 著 | |
| 分册: | ||
| 出版信息: | 呼和浩特 远方出版社 2007 |
|
| 页数: | 139页 | |
| 开本: | 23cm | |
| 丛书名: | 塞外李悦作品系列 | |
| 单 册: | ||
| 中图分类: | B222.25 , B22 | |
| 科图分类: | ||
| 主题词: | 道家 , 儒家 , 先秦哲学 | |
| 电子资源: | ||
| ISBN: | 978-7-80723-217-9 | |
| 000 | 01062oam2 2200337 450 | |
| 001 | 1160524787 | |
| 005 | 20111004095637.93 | |
| 010 | @a978-7-80723-217-9@dCNY22.00 | |
| 100 | @a20071017d2007 em y0chiy50 ea | |
| 101 | 0 | @achi |
| 102 | @aCN@b150000 | |
| 105 | @ay z 000yy | |
| 106 | @ar | |
| 200 | 1 | @a批评于丹@f李悦著@Api ping yu dan |
| 210 | @a呼和浩特@c远方出版社@d2007 | |
| 215 | @a139页@d23cm | |
| 225 | 2 | @a塞外李悦作品系列 |
| 330 | @a本书是由著名作家、“塞外鬼才”李悦和著名创新学家、创商(CQ)教育专家李放联袂打造的一部对“学术超女”于丹的文化批判著作。书中收录了《〈论语〉可以乱讲吗——批评于丹》、《〈庄子〉不可以这样讲——再批评于丹》两篇文章。 | |
| 461 | 0 | @1001003617247 |
| 605 | @a庄周@f(约前369-前286)@x研究 | |
| 605 | @a论语@x研究 | |
| 605 | @a庄周@f(约前369-前286) | |
| 605 | @a论语 | |
| 606 | 0 | @a道家 |
| 606 | 0 | @a儒家 |
| 606 | 0 | @a先秦哲学 |
| 690 | @aB222.25@v4 | |
| 690 | @aB22@v4 | |
| 701 | 0 | @a李悦@c(作家)@4著@Ali yue |
| 801 | 0 | @aCN@b110019@c20070712 |
| 905 | @a10447@dB22@eJY159 | |
| 批评于丹/李悦著.-呼和浩特:远方出版社,2007 |
| 139页;23cm .-(塞外李悦作品系列 ) |
| ISBN 978-7-80723-217-9:CNY22.00 |
| 本书是由著名作家、“塞外鬼才”李悦和著名创新学家、创商(CQ)教育专家李放联袂打造的一部对“学术超女”于丹的文化批判著作。书中收录了《〈论语〉可以乱讲吗——批评于丹》、《〈庄子〉不可以这样讲——再批评于丹》两篇文章。 |
| ● |
| 相关链接 |
|
|
|
|
正题名:批评于丹
索取号:B22/JY159
 
预约/预借
| 序号 | 登录号 | 条形码 | 馆藏地/架位号 | 状态 | 备注 |
| 1 | 7824678 | 278246783 | 学院路分馆/ [索取号:B22/JY159] | 在馆 | |
| 2 | 7824679 | 278246792 | 学院路分馆/ [索取号:B22/JY159] | 在馆 |